000 00481nam a22001697a 4500
005 20251108173552.0
008 250721s2005 xx 000 0 ara d
082 1 4 _a615.9/عبد
100 1 _aهندي، زيدان
245 1 0 _aإدارة التعامل مع التسمم بالمبيدات /
264 1 _aالقاهره :
_bكانزا جروب،
_c2005.
300 _a597ص.
650 1 7 _aالسموم
650 1 7 _aالتسميم
942 _2ddc
_cBK
999 _c107015
_d107015